Формирование вейвлет-функций в задаче идентификации музыкальных сигналов; Известия Томского политехнического университета [Известия ТПУ]; Т. 311, № 5 : Управление, вычислительная техника и информатика
| Parent link: | Известия Томского политехнического университета [Известия ТПУ]/ Томский политехнический университет (ТПУ).— , 2000- Т. 311, № 5 : Управление, вычислительная техника и информатика.— 2007.— [С. 81-86] |
|---|---|
| المؤلف الرئيسي: | |
| الملخص: | Заглавие с титульного листа Электронная версия печатной публикации Предложен подход, позволяющий формировать вейвлет-функции на основе периодических сигналов и фрагментов сигналов музыкальных инструментов. Рассмотрены необходимые и достаточные условия, предъявляемые к формируемым вейвлет-функциям. Описан эксперимент, позволяющий идентифицировать несколько гармонических составляющих сигнала, локализованных во времени. Показана возможность применения разработанного подхода в задачах идентификации сложных музыкальных сигналов. |
| اللغة: | الروسية |
| منشور في: |
2007
|
| سلاسل: | Управление, вычислительная техника и информатика |
| الموضوعات: | |
| الوصول للمادة أونلاين: | http://www.lib.tpu.ru/fulltext/v/Bulletin_TPU/2007/v311/i5/16.pdf |
| التنسيق: | الكتروني فصل الكتاب |
| KOHA link: | https://koha.lib.tpu.ru/cgi-bin/koha/opac-detail.pl?biblionumber=172712 |
MARC
| LEADER | 00000nla2a2200000 4500 | ||
|---|---|---|---|
| 001 | 172712 | ||
| 005 | 20231214171147.0 | ||
| 035 | |a (RuTPU)RU\TPU\book\187290 | ||
| 035 | |a RU\TPU\book\187282 | ||
| 090 | |a 172712 | ||
| 100 | |a 20091215d2007 k y0rusy50 ca | ||
| 101 | 0 | |a rus | |
| 102 | |a RU | ||
| 135 | |a drnn ---uucaa | ||
| 181 | 0 | |a i | |
| 182 | 0 | |a b | |
| 200 | 1 | |a Формирование вейвлет-функций в задаче идентификации музыкальных сигналов |f А. С. Фадеев | |
| 203 | |a Текст |c электронный | ||
| 215 | |a 1 файл (622 Кб) | ||
| 225 | 1 | |a Управление, вычислительная техника и информатика | |
| 300 | |a Заглавие с титульного листа | ||
| 300 | |a Электронная версия печатной публикации | ||
| 320 | |a [Библиогр.: с. 86 (11 назв.)] | ||
| 330 | |a Предложен подход, позволяющий формировать вейвлет-функции на основе периодических сигналов и фрагментов сигналов музыкальных инструментов. Рассмотрены необходимые и достаточные условия, предъявляемые к формируемым вейвлет-функциям. Описан эксперимент, позволяющий идентифицировать несколько гармонических составляющих сигнала, локализованных во времени. Показана возможность применения разработанного подхода в задачах идентификации сложных музыкальных сигналов. | ||
| 337 | |a Adobe Reader | ||
| 461 | 1 | |0 (RuTPU)RU\TPU\book\176237 |t Известия Томского политехнического университета [Известия ТПУ] |f Томский политехнический университет (ТПУ) |d 2000- | |
| 463 | 1 | |0 (RuTPU)RU\TPU\book\187250 |t Т. 311, № 5 : Управление, вычислительная техника и информатика |v [С. 81-86] |d 2007 |p 150 с. | |
| 610 | 1 | |a вейвлет-функции | |
| 610 | 1 | |a идентификация | |
| 610 | 1 | |a музыкальные сигналы | |
| 610 | 1 | |a подходы | |
| 610 | 1 | |a периодические сигналы | |
| 610 | 1 | |a фрагменты | |
| 610 | 1 | |a музыкальные инструменты | |
| 610 | 1 | |a эксперименты | |
| 610 | 1 | |a гармонические составляющие | |
| 610 | 1 | |a труды учёных ТПУ | |
| 610 | 1 | |a электронный ресурс | |
| 700 | 1 | |a Фадеев |b А. С. |c специалист в области информатики и вычислительной техники |c проректор по цифровизации - директор центра цифровых образовательных технологий, доцент Томского политехнического университета, кандидат технических наук |f 1981- |g Александр Сергеевич |3 (RuTPU)RU\TPU\pers\29662 |9 14175 | |
| 801 | 1 | |a RU |b 63413507 |c 20090623 |g PSBO | |
| 801 | 2 | |a RU |b 63413507 |c 20211118 |g PSBO | |
| 856 | 4 | |u http://www.lib.tpu.ru/fulltext/v/Bulletin_TPU/2007/v311/i5/16.pdf | |
| 942 | |c CF | ||